000 05033nam a2200421Ia 4500
003 OSt
005 20260627154036.0
008 2310s2022 ua a frm 000 engnd d
040 _aEG-EULC
_beng
_cEG-EULC
_dEG-EULC
_erda
041 0 _aeng
_beng
_bara
049 _aDeposit
082 _a338.16
092 _a338.16
_221
097 _aPh.D
099 _aCai01.07.03.Ph.D.2021.En.E
100 _aEngy Youssry Abd Elsalam Yousif,
_epreparation.
245 _aEffect of yeast and its derivatives on productive performance and physiological parameters of broiler chicks by using radiotechniques /
_cBy Engy Youssry Abd Elsalam Yousif ; Supervised Prof .Dr. Abd elRafea .Ahmad ElShafei, Prof .Dr. Ahmed Mohamed elKaiaty
246 _aتأثير الخميرة ومشتقاتها علي المقاييس الفسيولوجية و الأداء الانتاجي لبداري التسمين بإستخدام التقنيات الأشعاعية
264 0 _c2021.
300 _a139, 3 p. :
_billustrations ;
_c25cm+
_eCD
336 _2rda content
_atext
337 _2rdamedia
_aUnmediated
338 _2rdacarrier
_avolume
502 _aThesis (Ph.D)-Cairo University-Faculty of Agriculture ,2021.
504 _aBibliography: p. 114-139.
520 3 _aThis work was carried out to study the effect of dry yeast (1 g Sc / kg diet) and yeast cell wall (0.3 g YC / kg diet) and yeast extract (0.7 g YE / kg diet) on the broilers growth performance (live body weight, body weight gain, feed intake, feed conversion ratio, mortality rate and some carcass traits), some hematological and biochemical blood parameters, microbiology, immunological and histological measurements during the experimental period (1 to 35 days of age). A total number of 192 one day old male broilers chicks (Cobb 500were randomly distributed into four treatment groups of 48 chicks each with 4 replicates (12 chicks of each) from 3 days after hatch (experimental initiation) to the end of the experiment at 5 weeks old (experimental termination). Results obtained indicated, significant improvement in LBW at 6 weeks of age, BWG and FCR at 6 weeks of age in the group fed diet containing 0.1 % Sc, comparing with those receiving 0.03% YC or 0.07% YE. Villus height and Crypt depth for each of small intestine (duodenum, jejunum and ileum) significantly increased with the level of 0.1 % Sc and 0.03 % YC while compared with control and 0.07 % YE, but Tb, Alb, Glb and Glucose concentrations had significantly increased with the level of 0.1 % Sc and 0.07 % YE. The activity of both AST and ALT significantly decreased at the level of 0.1 % Sc and 0.07 % than the other levels, also significant variations between control and other treatment in the ALP activity were recorded.
520 3 _aأجريت هذه الدراسة في وحدة أبحاث الدواجن ، قسم التطبيقات البيولوجية ، شعبة تطبيقات النظائر المشعة ، مركز البحوث النووية ، هيئة الطاقة الذرية المصرية بانشاص خلال الفترة من أكتوبر إلى ديسمبر 2017. أجريت هذه الدراسة لتقييم تأثير الخميرة الكاملة و جدار خلية الخميرة ومستخلص الخميرة على أداء النمو ، ومقاييس الدم والقياسات الميكروبيولوجية و المناعية والتشريحية لبداري التسمين . 1- تصميم التجربة : أ. الطيور: نفذت التجربة تحت التصميم العشوائي الكامل (CRD) ، مع أربع معاملات وأربع مكررات لكل معاملة (12 طائر / لكل منهم) في وحدة أبحاث الدواجن ، قسم التطبيقات البيولوجية ، شعبة تطبيقات النظائر المشعة ، هيئة الطاقة الذرية المصرية. تم توزيع عدد إجمالي 192 كتكوت من ذكور دجاج التسمين عمره يوم واحد (كوب 500) عشوائياً على أربع مجموعات معاملة مكونة من 48 كتكوت لكل منها 4 مكررات (12 كتكوت لكل منها) من 3 أيام بعد الفقس (بدء التجربة) حتى النهاية في عمر 5 أسابيع (انتهاء التجربة). كان للكتاكيت من جميع المجموعات التجريبية نفس متوسط وزن الجسم الأولي تقريبًا ولم يكن هناك اختلاف إحصائيًا.
530 _aIssues also as CD.
546 _aText in English and abstract in Arabic & English.
650 _aPoultry Physiology
653 _ayeast on lipids
700 _aAbd elRafea Ahmad ElShafei
_ethesis advisor.
700 _aAhmed Mohamed elKaiaty
_ethesis advisor.
900 _b02-11-2021
_cAbd elRafea Ahmad ElShafei
_cAhmed Mohamed elKaiaty
_UCairo University
_FFaculty of Agriculture
_DDepartment of Poultry Physiology
905 _aShimaa
942 _cTH
_2ddc
999 _c163811